| 000 | 02399cam a2200373 i 4500 | ||
|---|---|---|---|
| 003 | SA-RiAUC | ||
| 005 | 20250909084231.0 | ||
| 008 | 250906s2005 ua a g f000 0 ara c | ||
| 040 |
_aSA-RiIMS _bara _cSA-RiAUC _erda |
||
| 041 | 1 |
_aara _heng |
|
| 043 | _aar----- | ||
| 082 | 0 | 4 |
_a915.304 _qSA-RiAUC |
| 090 |
_a915.304 _bهـ و ج |
||
| 100 | 1 |
_aهوجارث، د. ج. _q(دايفيد جورج)، _d1862-1927 _eمؤلف. |
|
| 240 | 1 | 4 |
_aThe Penetration of Arabia : a record of the development of Western knowledge concerning the Arabian Peninsula. _lArabic |
| 245 | 1 | 0 |
_aاختراق الجزيرة العربية : _bسجل لمعرفة الغرب بشبه الجزيرة العربية / _cديفيد جورج هوجارث ؛ ترجمة صبري محمد حسن ؛ مراجعة وتقديم جمال زكريا قاسم. |
| 250 | _aالطبعة الأولى. | ||
| 264 | 1 |
_aالقاهرة : _bالمجلس الأعلى للثقافة، _c2005. |
|
| 300 |
_a446 صفحة : _bإيضاحيات ؛ _c24 سم. |
||
| 336 |
_aنص _btxt _2rdacontent _3كتاب |
||
| 337 |
_aبدون وسيط _bn _2rdamedia |
||
| 338 |
_aمجلد _bnc _2rdacarrier |
||
| 490 | 1 |
_aالمشروع القومي للترجمة ؛ _v897 |
|
| 520 | 2 | _aيتناول الكتاب مدى معرفة الغرب للجزيرة العربية. | |
| 651 | 7 |
_aشبه الجزيرة العربية _xوصف ورحلات _2aucsh |
|
| 700 | 1 |
_aحسن، صبري محمد _eمترجم. |
|
| 700 | 1 |
_aقاسم، جمال زكريا، _d1932-2007 _eمراجع. |
|
| 700 | 1 | 2 |
_iترجمة لـ : _aهوجارث، د. ج. _q(دايفيد جورج)، _d1862-1927. _tThe Penetration of Arabia : a record of the development of Western knowledge concerning the Arabian Peninsula. |
| 830 | 2 |
_aالمشروع القومي للترجمة (المجلس الأعلى للثقافة) _v897 |
|
| 856 |
_uhttps://Dsdelta.aruc.org/xmlui/bitstream/handle/123456789/5187/1581235488971_محتويات كتاب اختراق الجزيرة العربية سجل لمعرفة الغرب بشبه الجزيرة العربية.pdf _yDigital Copyy |
||
| 856 |
_uhttps://Dsdelta.aruc.org/xmlui/bitstream/handle/123456789/5187/1581235493420_كتاب اختراق الجزيرة العربية سجل لمعرفة الغرب بشبه الجزيرة العربية.png _yDigital Copyy |
||
| 942 |
_2ddc _cBOOK _n0 |
||
| 949 |
_aSA-JeALM _d250906 _umohamedma123 _n1 |
||
| 999 |
_c11521 _d11521 |
||